Movies Quiz

Random Movies or Letter Quiz

Movies Minus the First Letter Quiz Stats

 Plays Quiz Updated Mar 13, 2012

Challenge
Share
Tweet
Embed
Score 0/24 Timer 08:00
1 Play Today
Synopsis Movie % Correct
Romantic comedy about a suave guy who helps inept men scratch.Itch
78.3%
Animated Disney movie about a princess who becomes pale.Now White and the Seven Dwarfs
66.3%
Action movie about someone who urinated on a bus.Peed
61.1%
Adam Sandler comedy about a tongue that has universal powers.Lick
57.7%
Historical movie about a 13th Century Scot who will fight the English for the freedom party to techno music.Raveheart
55%
Comedy about an offbeat teenager getting knocked up by a colorful card game.Uno
51.9%
Nick Cannon is a new recruit that leads a college band in a halftime battle for some Malibu.Rumline
51.7%
Alternative title for this De Niro boxing drama.Aging Bull
48.5%
American classic about a southern gal who farts a lot during the civil war.One with the Wind
47.8%
Will Smith drama about a guy who accidentally loses weight then with the help of random strangers gains it back.Even Pounds
42.1%
The Bride battles assassins trying to find her sick husband.Ill Bill
42.1%
A prude's response to this teenage superhero movie showing a lot of bums, especially Nicolas Cage's.Ick-ass
40.7%
Synopsis Movie % Correct
Sci-fi epic about battling road paving.Tar Wars
38.3%
Dark comedy where clueless gym workers inherit ashes after stumbling upon a CIA will.Urn After Reading
37.7%
Comedy about a cheerleader wanting to get married.Ring it on
35.6%
Horror movie for the lactose intolerant.Cream
31.5%
Drama about a narcotics officer, a rookie cop and 24 hours of bad weather.Raining Day
29.9%
Intersecting drama about a red skin eruption spreading through LA.Rash
28.2%
Hitchcock movie about someone looking into the sound of murder.Ear Window
26%
Horror sequel where the doctor builds his monster an amusement park.Ride Of Frankenstein
24.6%
Sci-fi movie about the right to hold on to an extra terrestrial debtor's property until she's paid you back or kills you.Lien
21.5%
Oliver Stone drama about a greedy road loving man.All Street
18.9%
Michael Mann crime saga about two men the opposite side of the dinner table.Eat
15.8%
James Brooks's dramedy about rival traffic reporters and the producer they both have fallen for.Roadcast News
7.3%

You're not logged in!

Compare scores with friends on all Sporcle quizzes.
Join for Free
OR
Log In

You Might Also Like...

Show Comments

Extras

Top Quizzes Today


Score Distribution

Your Account Isn't Verified!

In order to create a playlist on Sporcle, you need to verify the email address you used during registration. Go to your Sporcle Settings to finish the process.

Report this User

Report this user for behavior that violates our Community Guidelines.

Details: